[Event "Carlsen Inv KO"]
[Site "chess24.com INT"]
[Date "2021.03.19"]
[Round "2.22"]
[White "Carlsen, Magnus"]
[Black "Nepomniachtchi, Ian"]
[Result "0-1"]
[WhiteElo "2847"]
[BlackElo "2789"]
[PlyCount "92"]
[EventDate "2021.03.16"]
[EventType "k.o. (rapid)"]
[EventRounds "3"]
[EventCountry "GER"]
[SourceTitle "CBM 201a"]
[Source "ChessBase"]
[SourceDate "2021.09.18"]
[SourceVersion "1"]
[SourceVersionDate "2021.09.18"]
[SourceQuality "1"]

1. d4 Nf6 2. c4 e6 3. Nc3 d5 4. cxd5 exd5 5. Bg5 Bb4 6. Qa4+ Nc6 7. e3 h6 8.
Bxf6 Qxf6 9. Nge2 O-O 10. a3 Bxc3+ 11. Nxc3 Ne7 12. Be2 c6 13. O-O Nf5 14. b4
Nh4 15. Kh1 Qg6 16. g3 Nf5 17. b5 h5 18. bxc6 bxc6 19. Rg1 h4 20. gxh4 Qf6 21.
h5 c5 22. Nxd5 Bb7 23. Bf3 Bxd5 24. Bxd5 Rad8 25. Qc6 Qxc6 26. Bxc6 cxd4 27.
Rg5 Ne7 28. Bf3 dxe3 29. fxe3 Rd3 30. Re5 Nc8 31. a4 Nd6 32. Rc1 Rb8 33. Kg2
Rbb3 34. Rc6 Kf8 35. a5 f6 36. Re6 Nf5 37. h6 Nxh6 38. Rc8+ Kf7 39. Ra6 Rd2+
40. Kg3 Nf5+ 41. Kf4 Rf2 42. Rxa7+ Kg6 43. Rcc7 Kh6 44. Kxf5 Rxe3 45. Rc5 g6+
46. Kg4 Rfxf3 0-1

[Event "Carlsen Inv KO"]
[Site "chess24.com INT"]
[Date "2021.03.19"]
[Round "2.23"]
[White "Nepomniachtchi, Ian"]
[Black "Carlsen, Magnus"]
[Result "0-1"]
[WhiteElo "2789"]
[BlackElo "2847"]
[PlyCount "110"]
[EventDate "2021.03.16"]
[EventType "k.o. (rapid)"]
[EventRounds "3"]
[EventCountry "GER"]
[SourceTitle "CBM 201a"]
[Source "ChessBase"]
[SourceDate "2021.09.18"]
[SourceVersion "1"]
[SourceVersionDate "2021.09.18"]
[SourceQuality "1"]

1. e4 c5 2. Nf3 e6 3. d4 cxd4 4. Nxd4 Qb6 5. Nc3 a6 6. a3 Qc7 7. g3 Nf6 8. Bg2
Nc6 9. O-O h5 10. Nxc6 bxc6 11. Bf4 e5 12. Bg5 Bc5 13. Qf3 d6 14. h3 Nd7 15.
Rad1 Nf8 16. Na4 Ne6 17. Be3 Bxe3 18. Qxe3 h4 19. Nb6 Rb8 20. Nc4 O-O 21. Nxd6
hxg3 22. fxg3 Rxb2 23. Qc3 Qb8 24. Nf5 Rb5 25. Ne7+ Kh7 26. Kh2 Qc7 27. Nf5 Rc5
28. Qd2 Rd8 29. Qf2 Rc3 30. a4 Nd4 31. Nxd4 Rxd4 32. Qe2 Be6 33. Rxd4 exd4 34.
Qh5+ Kg8 35. Rf4 Qe7 36. Rh4 f6 37. e5 fxe5 38. Qxe5 Rxc2 39. Re4 d3 40. Qxe6+
Qxe6 41. Rxe6 d2 42. Rd6 c5 43. g4 c4 44. Kg3 c3 45. Kh4 Kf8 46. Bf3 Rc1 47.
Rd3 Ke7 48. Kg5 Rf1 49. Re3+ Kd6 50. Rd3+ Ke5 51. Rxc3 Rxf3 52. Rxf3 d1=Q 53.
Rf5+ Ke4 54. a5 Qd6 55. Kh4 g6 0-1

[Event "Carlsen Inv KO"]
[Site "chess24.com INT"]
[Date "2021.03.19"]
[Round "2.24"]
[White "Carlsen, Magnus"]
[Black "Nepomniachtchi, Ian"]
[Result "1-0"]
[WhiteElo "2847"]
[BlackElo "2789"]
[PlyCount "65"]
[EventDate "2021.03.16"]
[EventType "k.o. (rapid)"]
[EventRounds "3"]
[EventCountry "GER"]
[SourceTitle "CBM 201a"]
[Source "ChessBase"]
[SourceDate "2021.09.18"]
[SourceVersion "1"]
[SourceVersionDate "2021.09.18"]
[SourceQuality "1"]

1. e4 c5 2. Nf3 d6 3. d4 cxd4 4. Nxd4 Nf6 5. Nc3 a6 6. a4 e5 7. Nf3 h6 8. g3
Be7 9. Bg2 O-O 10. O-O Be6 11. Nh4 Nbd7 12. Nf5 Bxf5 13. exf5 Qc7 14. a5 Rab8
15. Be3 Rfc8 16. Qd3 Bf8 17. Rfc1 b6 18. axb6 Nxb6 19. Rxa6 Nc4 20. Nd5 Qd8 21.
b3 Nxe3 22. Qxe3 Rc5 23. c4 Qc8 24. Nxf6+ gxf6 25. Ra7 Qxf5 26. Bd5 Qg5 27. Rb1
Qxe3 28. fxe3 Rb4 29. Bxf7+ Kh8 30. Bd5 Rc8 31. Kg2 Rcb8 32. Rf7 Bg7 33. Ra1
1-0

[Event "FTX Crypto Cup Prelim"]
[Site "chess24.com INT"]
[Date "2021.05.23"]
[Round "2"]
[White "Carlsen, Magnus"]
[Black "Nepomniachtchi, Ian"]
[Result "1/2-1/2"]
[WhiteElo "2847"]
[BlackElo "2792"]
[PlyCount "94"]
[EventDate "2021.05.23"]
[EventType "tourn (rapid)"]
[EventRounds "15"]
[EventCountry "GER"]
[EventCategory "21"]
[SourceTitle "CBM 203"]
[Source "ChessBase"]
[SourceDate "2021.08.31"]
[SourceVersion "1"]
[SourceVersionDate "2021.08.31"]
[SourceQuality "1"]

1. e4 c5 2. Nc3 e6 3. Nf3 Nc6 4. d4 cxd4 5. Nxd4 Qc7 6. Be3 a6 7. Be2 b5 8.
Nxc6 Qxc6 9. e5 Bb7 10. Bf3 Qc7 11. Bxb7 Qxb7 12. Qd3 Ne7 13. Bc5 Qxg2 14.
O-O-O Qc6 15. Ne4 Nf5 16. Bxf8 Rxf8 17. Rhe1 Rc8 18. Kb1 f6 19. f4 fxe5 20.
fxe5 h6 21. Rg1 Qd5 22. Nd6+ Ke7 23. Nxc8+ Rxc8 24. Qxd5 exd5 25. Rxd5 Ke6 26.
Rd3 g5 27. a4 bxa4 28. Rg4 Rc6 29. Rxa4 h5 30. Rda3 g4 31. Kc1 Kxe5 32. Rxa6 h4
33. Rxc6 dxc6 34. Kd1 h3 35. Ke2 g3 36. Kf3 gxh2 37. Ra1 Nd4+ 38. Kg3 Nxc2 39.
Rc1 Nb4 40. Kxh2 Kd4 41. b3 c5 42. Kxh3 Nc6 43. Rc4+ Kd5 44. Kg2 Ne5 45. Rc1 c4
46. bxc4+ Nxc4 47. Rxc4 Kxc4 1/2-1/2